| 000 | 00829nam a2200253Ia 4500 | ||
|---|---|---|---|
| 003 | OSt | ||
| 005 | 20221005042718.0 | ||
| 006 | a|||||r|||| 00| 0 | ||
| 007 | ta | ||
| 008 | 221004b |||||||| |||| 00| 0 eng d | ||
| 020 |
_a9780822343820 (pbk) _c1024.86 |
||
| 024 | _a102044 | ||
| 037 |
_b9440, 30/03/2010, Elite Publishers Distributors _cTextual |
||
| 040 |
_aCRL _cCRL _beng |
||
| 041 |
_2eng _aeng |
||
| 082 | _aO152,3N00x, 111P9 | ||
| 100 |
_aSharma Paney Bechan _9590780 |
||
| 245 | 0 | _aChocolate and other writings on male homoeroticism | |
| 260 |
_aDurham _bDuke University Press _c2009 |
||
| 300 |
_alxviii _ccm. |
||
| 650 | _aENGLISH LITERATURE | ||
| 942 |
_hO152,3N00x, 111P9 _cTEXL _2cc |
||
| 999 |
_c950725 _d950725 |
||